000 00577cab a2200217 4500
001 X994
008 090401t1993 xxu||||| |||| 00| 0 eng d
035 _a(Sirsi) u68554
041 _aeng
100 _aGilbert, P.
245 _aEC Report: Geodetic survey industry in Europe
260 _c1993
350 _a0
490 _aSurveying World
_v1(6) September 1993, 12-13(2)
650 _aDIRECTORATE GENERAL 111
650 _aEC
650 _aGEODETIC SURVEYING
690 _aMANAGEMENT-BUSINESS MANAGEMENT-INFORMATION MANAGEMENT
942 _n0
948 _c04/03/1997
999 _c43010
_d43010